000 00152nam a22000857a 4500
082 _a823
100 _aSILVIA ASTER VARNER
245 _aTEACHER
942 _cBK
999 _c8227
_d8227